| 000 | 00650nam a22001937a 4500 | ||
|---|---|---|---|
| 999 |
_c7263 _d7263 |
||
| 003 | OSt | ||
| 005 | 20191126132634.0 | ||
| 008 | 191120s2018 spc||||| |||| 00| 0bcat d | ||
| 020 | _a9788409063864 | ||
| 040 |
_bcat _cCDMR |
||
| 100 | 1 |
_92984 _aVinyes Roig, Pau |
|
| 245 | 1 | 0 |
_aMelcior Font, guerriller cultural _b: Poeta, periodista, traductor, cineasta i secretari personal de Ventura Gassol _c/ Pau Vinyes i Roig |
| 260 |
_aBadalona : _bGràfiques Campàs, SA , _c2018 |
||
| 300 |
_a207 p. _c21 cm |
||
| 600 | 1 | 0 |
_93861 _aFont, Melcior _xBiografia |
| 650 | 0 |
_92273 _aPeriodistes _zCatalunya _xBiografia |
|
| 700 | 1 |
_92932 _aTorra, Quim |
|
| 942 |
_cMON _2udc |
||